00760nam a2200169 a 450000100100000000500170001000800410002704000250006810000380009324500710013126000520020230000200025450000510027450001430032595201050046899900170057300004164020201002035700.0131014s1979 dr 000 0 spa d aDO-SdBNPbspacBNPHU1 aGonzález Pons, Alejandro96843010aSobre las deformaciones al marxismo. /cAlejandro González Pons. aSanto Domingo, :bEdiciones socialistas,c1979. a32 p. ;c21 cm. aMovimiento de liberación nacional (CORECATO) aPonencia presentada en la continuación de la mesa redonda sobre el libro "Nuestra falsa izquierda" del Dr. Juan Isidro Jimenes Grullón 0010718PDaPDbPDcCTd2013-10-14iLF1l0o p41640-10r2020-06-25w2020-06-25yLFPDZNo se presta c41130d41130